[Event "LGA Premium Cup"]
[Site "schach.lga.de"]
[Date "2005.09.08"]
[Round "1.1"]
[White "Babichev, Vyacheslav"]
[Black "Prusikin, Michael"]
[Result "0-1"]
[WhiteElo "1742"]
[BlackElo "2554"]
[PlyCount "56"]
[EventDate "2005.09.08"]
[SourceDate " "]

1. e4 c5 2. c3 Nf6 3. e5 Nd5 4. d4 cxd4 5. Qxd4 e6 6. Bb5 a6 7. Bd3 Nc6 8. Qe4
d6 9. f4 g6 10. Nf3 Bg7 11. O-O O-O 12. Na3 dxe5 13. fxe5 Qc7 14. Re1 b6 15.
Nc4 Bb7 16. Nd6 Nxe5 17. Nxe5 Qxd6 18. c4 Nb4 19. Qxb7 Bxe5 20. Be2 Qd4+ 21.
Kf1 Bxh2 22. Bf3 Nc2 23. Rd1 Qxc4+ 24. Be2 Qc5 25. Bf3 Bg3 26. Ke2 Qf2+ 27. Kd3
Rfd8+ 28. Kc3 Qc5+ 0-1

[Event "LGA Premium Cup"]
[Site "schach.lga.de"]
[Date "2005.09.08"]
[Round "1.2"]
[White "Gabriel, Christian"]
[Black "Narr, Irmgard"]
[Result "1-0"]
[WhiteElo "2531"]
[BlackElo "1692"]
[PlyCount "47"]
[EventDate "2005.09.08"]
[SourceDate " "]

1. e4 e6 2. d4 d5 3. Nd2 c6 4. Ngf3 Ne7 5. Bd3 Ng6 6. Nb3 b6 7. h4 Ba6 8. h5
Bxd3 9. Qxd3 Ne7 10. h6 g6 11. Bg5 Qc7 12. Bf6 Rg8 13. Be5 Qb7 14. Ng5 Nd7 15.
Qf3 Nxe5 16. dxe5 Nc8 17. Nxh7 Rh8 18. Nxf8 Rxf8 19. h7 Ne7 20. h8=Q Ng8 21.
Qh4 dxe4 22. Qhxe4 Ne7 23. O-O-O Nd5 24. c4 1-0

[Event "LGA Premium Cup"]
[Site "schach.lga.de"]
[Date "2005.09.08"]
[Round "1.3"]
[White "Kanewski, Josef"]
[Black "Bezold, Michael"]
[Result "0-1"]
[WhiteElo "2088"]
[BlackElo "2530"]
[PlyCount "62"]
[EventDate "2005.09.08"]
[SourceDate " "]

1. d4 Nf6 2. c4 c5 3. d5 e5 4. Nc3 d6 5. e4 Be7 6. h3 Nbd7 7. g4 h6 8. Nf3 Nf8
9. Bd3 N6h7 10. Be3 Ng6 11. Ne2 Ng5 12. Nxg5 hxg5 13. Ng3 Nf4 14. Bf1 Bd7 15.
a3 g6 16. f3 Kf8 17. b4 b6 18. b5 Kg7 19. a4 a6 20. Rh2 Bf6 21. Ne2 axb5 22.
axb5 Nd3+ 23. Kd2 Nb2 24. Rxa8 Nxc4+ 25. Kd3 Qxa8 26. Kxc4 Qa2+ 27. Kc3 Ra8 28.
Bc1 Bxb5 29. Qb3 Qa5+ 30. Kc2 Ba4 31. Nc3 Bxb3+ 0-1

[Event "LGA Premium Cup"]
[Site "schach.lga.de"]
[Date "2005.09.08"]
[Round "1.4"]
[White "Maiwald, Jens-Uwe"]
[Black "Klein, Waldemar"]
[Result "1-0"]
[WhiteElo "2505"]
[BlackElo "2008"]
[PlyCount "103"]
[EventDate "2005.09.08"]
[SourceDate " "]

1. Nf3 d5 2. g3 c6 3. Bg2 Bg4 4. O-O Nd7 5. d3 Bxf3 6. Bxf3 Ngf6 7. Bg2 Qb6 8.
c4 e6 9. Nc3 d4 10. Na4 Qc7 11. e3 c5 12. exd4 cxd4 13. b4 Bxb4 14. Rb1 Qd6 15.
Bf4 e5 16. c5 Bxc5 17. Nxc5 Qxc5 18. Bd2 a5 19. Bxb7 Rb8 20. Qa4 Qa7 21. Bc6
O-O 22. Qxa5 Qxa5 23. Bxa5 Rfc8 24. Rxb8 Nxb8 25. Bb5 Rc2 26. Rb1 g6 27. Ba4
Rc8 28. Rb7 Nc6 29. Bc7 Ne8 30. Bxc6 Rxc7 31. Rb6 Nd6 32. Bd5 Nc8 33. Rb2 Kg7
34. a4 Rc5 35. Bb7 Na7 36. Kg2 Nc6 37. Bxc6 Rxc6 38. a5 Ra6 39. Rb5 f6 40. g4
g5 41. Kf3 Kg6 42. Ke4 h5 43. h3 h4 44. f3 Rc6 45. Rb2 Ra6 46. Ra2 Kf7 47. Kd5
Ke7 48. Kc5 Kd7 49. Kb5 Ra8 50. a6 Kd6 51. a7 Kc7 52. Ka6 1-0

[Event "LGA Premium Cup"]
[Site "schach.lga.de"]
[Date "2005.09.08"]
[Round "1.5"]
[White "Zeitler, Hans-Jürgen"]
[Black "Meijers, Viesturs"]
[Result "0-1"]
[WhiteElo "1950"]
[BlackElo "2479"]
[PlyCount "80"]
[EventDate "2005.09.08"]
[SourceDate " "]

1. d4 Nf6 2. c4 e6 3. Nf3 b6 4. a3 Bb7 5. Nc3 d5 6. cxd5 exd5 7. g3 Be7 8. Bg2
O-O 9. O-O h6 10. Qb3 a6 11. Ne5 Nc6 12. Nxc6 Bxc6 13. Bf4 Qd7 14. Rac1 Rfd8
15. Rfd1 Rac8 16. f3 Bb7 17. e4 dxe4 18. fxe4 b5 19. e5 Nd5 20. Nxd5 Bxd5 21.
Bxd5 Qxd5 22. Qxd5 Rxd5 23. Rc6 a5 24. Be3 f6 25. e6 Bd6 26. Re1 Re8 27. Bf2 f5
28. Kg2 g5 29. Kf3 Kg7 30. Rc2 Kf6 31. Rce2 a4 32. h3 Ke7 33. Rc1 Rf8 34. Rc3
Rf6 35. Rce3 Rxd4 36. Rb3 g4+ 37. Kg2 axb3 38. Bxd4 Rxe6 39. Rf2 c5 40. Bc3 Re3
0-1

[Event "LGA Premium Cup"]
[Site "schach.lga.de"]
[Date "2005.09.08"]
[Round "1.6"]
[White "Gutman, Lev"]
[Black "Demburg, Dimitrij"]
[Result "1-0"]
[WhiteElo "2465"]
[BlackElo "1927"]
[PlyCount "38"]
[EventDate "2005.09.08"]
[SourceDate " "]

1. Nf3 Nf6 2. g3 d5 3. Bg2 c5 4. O-O Nc6 5. d4 cxd4 6. Nxd4 g6 7. c4 e6 8. cxd5
exd5 9. Nc3 Bg7 10. e4 dxe4 11. Nxc6 Qxd1 12. Rxd1 bxc6 13. Nxe4 O-O 14. Nxf6+
Bxf6 15. Bxc6 Rb8 16. Bh6 Bxb2 17. Bxf8 Bxa1 18. Rd8 Bf6 19. Re8 h5 1-0

[Event "LGA Premium Cup"]
[Site "schach.lga.de"]
[Date "2005.09.08"]
[Round "1.7"]
[White "Ahlich, Thomas"]
[Black "Milov, Leonid"]
[Result "0-1"]
[WhiteElo "1896"]
[BlackElo "2482"]
[PlyCount "76"]
[EventDate "2005.09.08"]
[SourceDate " "]

1. e4 c5 2. d4 cxd4 3. c3 dxc3 4. Nxc3 a6 5. Nf3 e6 6. Bc4 b5 7. Bb3 Bb7 8. Qe2
d6 9. O-O Nd7 10. Rd1 Ngf6 11. a3 Be7 12. Bf4 Qb6 13. e5 dxe5 14. Nxe5 Nxe5 15.
Bxe5 O-O 16. Rd3 Rfd8 17. Rad1 Rxd3 18. Rxd3 Rd8 19. Bc2 Rxd3 20. Qxd3 Qd8 21.
Qxd8+ Bxd8 22. Kf1 Bb6 23. f3 Nd7 24. Bg3 f5 25. Bf2 Kf7 26. b4 Bc7 27. Bg3
Bxg3 28. hxg3 Nb6 29. a4 bxa4 30. Nxa4 Nd5 31. Nc5 Ne3+ 32. Ke2 Nxc2 33. Nxb7
Nxb4 34. Na5 e5 35. Kd2 Ke6 36. Kc3 Nd5+ 37. Kd3 h5 38. Nc4 h4 0-1

[Event "LGA Premium Cup"]
[Site "schach.lga.de"]
[Date "2005.09.08"]
[Round "1.8"]
[White "Donchenko, Anatoli"]
[Black "Zwingel, Stephan"]
[Result "1-0"]
[WhiteElo "2448"]
[BlackElo "1879"]
[PlyCount "125"]
[EventDate "2005.09.08"]
[SourceDate " "]

1. Nf3 Nf6 2. c4 g6 3. g3 Bg7 4. Bg2 O-O 5. O-O c5 6. d4 d6 7. b3 Na6 8. Bb2
Rb8 9. Nc3 cxd4 10. Nxd4 Nc5 11. Rc1 Ne6 12. Nc2 Qa5 13. a3 Qh5 14. e3 Qh6 15.
Qe2 Ng5 16. f3 Bh3 17. Nb4 Bxg2 18. Kxg2 Qh3+ 19. Kg1 Rbc8 20. Nbd5 Rfe8 21.
Nxf6+ Bxf6 22. Nd5 Bxb2 23. Qxb2 Ne6 24. e4 Nc7 25. Nf4 Qd7 26. Rfd1 Qc6 27.
Kg2 b5 28. cxb5 Qxb5 29. b4 Na8 30. Nd5 Qb7 31. Rd2 Nb6 32. Nxb6 Qxb6 33. Rdc2
Rxc2+ 34. Rxc2 Rb8 35. a4 f6 36. b5 Kg7 37. Qa2 Qd4 38. Rc7 Kf8 39. Rc4 Qd3 40.
Rc6 h5 41. Qf2 Rb7 42. Rc8+ Kg7 43. Qa2 d5 44. exd5 Rd7 45. Rc5 Qd4 46. Qc4
Qd2+ 47. Kh3 Qd1 48. Kg2 Qd2+ 49. Kg1 Qd1+ 50. Kf2 Qd2+ 51. Kg1 Qd1+ 52. Kg2
Qd2+ 53. Kh3 Qd1 54. f4 Qg4+ 55. Kg2 Qd1 56. Qe4 Qd2+ 57. Kh3 Qf2 58. Rc2 Qf1+
59. Qg2 Qd3 60. Qd2 Qf5+ 61. Kg2 Rxd5 62. Qe2 Rd3 63. Qxe7+ 1-0

[Event "LGA Premium Cup"]
[Site "schach.lga.de"]
[Date "2005.09.08"]
[Round "1.9"]
[White "Götz, Dieter"]
[Black "Kunin, Vitaly"]
[Result "0-1"]
[WhiteElo "1857"]
[BlackElo "2448"]
[PlyCount "62"]
[EventDate "2005.09.08"]
[SourceDate " "]

1. c4 b6 2. Nc3 Bb7 3. e4 e6 4. d4 Bb4 5. f3 f5 6. e5 Ne7 7. Be3 O-O 8. Qd2 d6
9. f4 dxe5 10. fxe5 c5 11. Nf3 f4 12. Bf2 Bxf3 13. gxf3 cxd4 14. Bxd4 Nbc6 15.
O-O-O Nf5 16. Bf2 Qxd2+ 17. Rxd2 Nxe5 18. Re2 Bxc3 19. bxc3 Nd3+ 20. Kc2 Nxf2
21. Rxf2 Rad8 22. Bh3 Ne3+ 23. Kb3 Kf7 24. Rg1 Kf6 25. Re2 Rd6 26. Kb4 Rc8 27.
Kb3 Rc5 28. Rge1 e5 29. Bf1 Nxc4 30. h4 Nd2+ 31. Kc2 Nxf3 0-1

[Event "LGA Premium Cup"]
[Site "schach.lga.de"]
[Date "2005.09.08"]
[Round "1.10"]
[White "Espig, Lutz"]
[Black "Yin, Zixiao"]
[Result "1-0"]
[WhiteElo "2444"]
[BlackElo "1849"]
[PlyCount "58"]
[EventDate "2005.09.08"]
[SourceDate " "]

1. Nf3 b5 2. g3 c5 3. Bg2 Bb7 4. d3 Nf6 5. O-O g6 6. c3 a5 7. Qb3 b4 8. Ne5 d5
9. Qa4+ Nfd7 10. c4 Bg7 11. Nxd7 Qxd7 12. Qxd7+ Nxd7 13. Bxd5 Bxd5 14. cxd5 Nb6
15. Nd2 Nxd5 16. Nc4 Ra6 17. a3 a4 18. Bd2 bxa3 19. Rxa3 Nb6 20. Nxb6 Rxb6 21.
Bc3 O-O 22. Rxa4 Re6 23. Re1 Bxc3 24. bxc3 Rb8 25. f4 Reb6 26. Kf2 g5 27. fxg5
Rg6 28. h4 Rbb6 29. Rea1 f6 1-0

[Event "LGA Premium Cup"]
[Site "schach.lga.de"]
[Date "2005.09.08"]
[Round "1.11"]
[White "Hoffmann, Ayar"]
[Black "Boidman, Yuri"]
[Result "0-1"]
[WhiteElo "1844"]
[BlackElo "2431"]
[PlyCount "58"]
[EventDate "2005.09.08"]
[SourceDate " "]

1. e4 d5 2. exd5 Nf6 3. Nc3 Nxd5 4. Nxd5 Qxd5 5. Nf3 Bg4 6. Be2 Nc6 7. O-O
O-O-O 8. c3 e5 9. b4 e4 10. Ne1 Bxe2 11. Qxe2 Bd6 12. f3 Qh5 13. g4 exf3 14.
Qe6+ fxe6 15. gxh5 e5 16. d3 e4 17. dxe4 Be5 18. Rxf3 Rd1 19. Bb2 Rd2 20. Rf2
Rxf2 21. Kxf2 Nxb4 22. Ke3 Rd8 23. a3 Nc6 24. Nf3 Bf6 25. Rg1 Na5 26. Nd2 h6
27. Ke2 b5 28. Rf1 Rxd2+ 29. Kxd2 Nc4+ 0-1

[Event "LGA Premium Cup"]
[Site "schach.lga.de"]
[Date "2005.09.08"]
[Round "1.12"]
[White "Klundt, Klaus"]
[Black "Meyer, Friedrich"]
[Result "1-0"]
[WhiteElo "2382"]
[BlackElo "1837"]
[PlyCount "65"]
[EventDate "2005.09.08"]
[SourceDate " "]

1. e4 g6 2. d4 Bg7 3. Nc3 d6 4. f4 a6 5. Nf3 b5 6. Bd3 Nd7 7. a4 b4 8. Nd5 a5
9. O-O Bb7 10. c3 e6 11. Ne3 c5 12. Nc4 Nb6 13. Be3 Nxc4 14. Bxc4 Bxe4 15. dxc5
bxc3 16. bxc3 dxc5 17. Bb5+ Kf8 18. Bxc5+ Ne7 19. Qe2 Bxf3 20. Qxf3 Rc8 21.
Rad1 Qc7 22. Bd6 Qb6+ 23. Kh1 Bf6 24. c4 Kg7 25. Be5 Ng8 26. Rd7 h5 27. Rfd1
Bxe5 28. Rxf7+ Kxf7 29. fxe5+ Kg7 30. Rd7+ Kh6 31. h4 Qd8 32. Qe3+ g5 33. Rxd8
1-0

[Event "LGA Premium Cup"]
[Site "schach.lga.de"]
[Date "2005.09.08"]
[Round "1.13"]
[White "Werner, Thomas"]
[Black "Roos, Michael"]
[Result "0-1"]
[WhiteElo "1938"]
[BlackElo "2371"]
[PlyCount "76"]
[EventDate "2005.09.08"]
[SourceDate " "]

1. d4 g6 2. e4 d6 3. Be3 Bg7 4. Bd3 Nf6 5. f3 O-O 6. Qd2 c6 7. c4 e5 8. d5 a5
9. Nc3 Na6 10. Nge2 Nc5 11. Bc2 cxd5 12. cxd5 Bd7 13. O-O b5 14. b3 Ne8 15.
Rac1 f5 16. f4 b4 17. Nd1 Nxe4 18. Bxe4 fxe4 19. Nb2 Bb5 20. Nc4 Rc8 21. Rfe1
Bxc4 22. bxc4 Nc7 23. c5 Nb5 24. c6 Qf6 25. fxe5 Qxe5 26. Bf4 Qh5 27. Rf1 Rce8
28. Bg3 Rxf1+ 29. Rxf1 Nc3 30. Nf4 Qg5 31. Be1 e3 32. Qd3 e2 33. Rf3 Qe5 34. c7
Qd4+ 35. Kh1 g5 36. Re3 Rf8 37. Qxd4 Bxd4 38. Ne6 Rf1# 0-1

[Event "LGA Premium Cup"]
[Site "schach.lga.de"]
[Date "2005.09.08"]
[Round "1.14"]
[White "Sobolevski, Leonid"]
[Black "Bilyavskyy, Borys"]
[Result "1-0"]
[WhiteElo "2358"]
[BlackElo "1813"]
[PlyCount "81"]
[EventDate "2005.09.08"]
[SourceDate " "]

1. e4 c5 2. Nf3 Nc6 3. d4 cxd4 4. Nxd4 Nf6 5. Nc3 e5 6. Ndb5 d6 7. Na3 a6 8.
Nc4 b5 9. Ne3 Be7 10. Bd3 O-O 11. Ncd5 Nd4 12. O-O Re8 13. Nxe7+ Qxe7 14. c3
Nc6 15. Nd5 Nxd5 16. exd5 Nd8 17. Qh5 g6 18. Qd1 f5 19. a4 bxa4 20. Rxa4 Bb7
21. Ra5 Nf7 22. f4 Qc7 23. Qa4 Qb6+ 24. Kh1 e4 25. Be2 Rec8 26. Qa3 Rc5 27.
Rxc5 Qxc5 28. Qxc5 dxc5 29. c4 Nd6 30. Be3 Rc8 31. Ra1 Nb5 32. cxb5 axb5 33.
Bxb5 Bxd5 34. Kg1 Rb8 35. Ra5 c4 36. Kf2 Bf7 37. Bd4 Rd8 38. Ke3 Rb8 39. Bc6
Rb3+ 40. Bc3 Rb8 41. Ra8 1-0

[Event "LGA Premium Cup"]
[Site "schach.lga.de"]
[Date "2005.09.08"]
[Round "1.15"]
[White "Ter-Akopyan, Bagrat"]
[Black "Hetey, Laszlo"]
[Result "0-1"]
[WhiteElo "1813"]
[BlackElo "2322"]
[PlyCount "122"]
[EventDate "2005.09.08"]
[SourceDate " "]

1. e4 c5 2. Nc3 e6 3. g3 d5 4. Bg2 Nf6 5. d3 dxe4 6. Nxe4 Be7 7. Be3 Nd5 8. Bd2
O-O 9. Ne2 Nc6 10. O-O Rb8 11. N4c3 Bf6 12. Qc1 Nc7 13. Ne4 Be7 14. Rd1 Nd4 15.
N4c3 b5 16. Nxd4 cxd4 17. Ne2 Bb7 18. Bxb7 Rxb7 19. Re1 Qd7 20. Nf4 Rc8 21. Qd1
Ne8 22. Rc1 Rbc7 23. a3 Rc6 24. c3 dxc3 25. Bxc3 Bf6 26. Qd2 Bxc3 27. Rxc3 Rxc3
28. bxc3 Qc6 29. Rc1 Qd6 30. Ra1 Nf6 31. a4 Ne4 32. Qb2 Nxc3 33. axb5 Qe5 34.
Kh1 Qxb5 35. Qxb5 Nxb5 36. Ra5 Rb8 37. Kg2 Rb7 38. Kf3 Kf8 39. Ke3 Nc7 40. Ne2
a6 41. Nc3 Rb3 42. Ne4 Rb5 43. Rxb5 Nxb5 44. Kd2 Ke7 45. Kc2 f5 46. Nc5 Nc7 47.
Kb3 Kd6 48. Kc4 Kc6 49. Nb3 g5 50. Nd4+ Kd6 51. Nf3 h6 52. Nd4 Nd5 53. Nb3 h5
54. Nd4 Nf6 55. h3 g4 56. h4 Nd5 57. Ne2 Ke5 58. Kc5 f4 59. Kc6 Nb4+ 60. Kb6
Nxd3 61. Kxa6 f3 0-1

[Event "LGA Premium Cup"]
[Site "schach.lga.de"]
[Date "2005.09.08"]
[Round "1.16"]
[White "Seyb, Dieter"]
[Black "Hirschberg, Valerian"]
[Result "1-0"]
[WhiteElo "2297"]
[BlackElo "1810"]
[PlyCount "59"]
[EventDate "2005.09.08"]
[SourceDate " "]

1. e4 c6 2. d4 d5 3. e5 Bf5 4. h4 h6 5. g4 Bd7 6. h5 e6 7. f4 c5 8. c3 Nc6 9.
Be3 Qb6 10. Qd2 cxd4 11. cxd4 Bb4 12. Nc3 Qa5 13. Bd3 Bxc3 14. bxc3 b5 15. Rb1
a6 16. Nf3 Nge7 17. O-O O-O-O 18. a4 Na7 19. Qb2 Bc6 20. Nd2 Kd7 21. Nb3 Qb6
22. Nc5+ Ke8 23. f5 Bd7 24. axb5 Bxb5 25. fxe6 fxe6 26. Qf2 Rb8 27. Qf7+ Kd8
28. Nxe6+ Kd7 29. Nc5+ Qxc5 30. Bf5+ 1-0

[Event "LGA Premium Cup"]
[Site "schach.lga.de"]
[Date "2005.09.08"]
[Round "1.17"]
[White "Hintyes, Helmuth"]
[Black "Eichler, Christoph"]
[Result "0-1"]
[WhiteElo "1809"]
[BlackElo "2293"]
[PlyCount "118"]
[EventDate "2005.09.08"]
[SourceDate " "]

1. c4 Nf6 2. d4 e6 3. Nc3 Bb4 4. Bg5 c5 5. Nf3 cxd4 6. Qxd4 Nc6 7. Bxf6 Nxd4 8.
Bxd8 Nxf3+ 9. exf3 Bxc3+ 10. bxc3 Kxd8 11. Bd3 d6 12. Rb1 Kc7 13. Kd2 Bd7 14.
Rb2 Bc6 15. Rhb1 b6 16. Be4 Rhc8 17. Rb4 Kd7 18. g4 Rc7 19. R1b3 Bxe4 20. fxe4
Rc5 21. Kd3 h5 22. h3 hxg4 23. hxg4 Ra5 24. Rb2 Rh8 25. f3 Rh1 26. Rb5 Ra4 27.
R5b4 Ra3 28. R4b3 Ra6 29. Rc2 Ke7 30. Rb5 Kf6 31. Rd2 Ra1 32. Rbb2 Ra4 33. f4
Rg1 34. Rg2 Rxg2 35. Rxg2 g5 36. f5 Ke5 37. Rf2 Ra3 38. Rh2 Kf4 39. Rh7 Kxg4
40. Rxf7 exf5 41. exf5 Rxa2 42. f6 Kf5 43. Rd7 Ke6 44. f7 Rf2 45. Rxa7 Rxf7 46.
Ra6 Rb7 47. Ra1 Rg7 48. Rb1 g4 49. Rxb6 g3 50. Rb1 g2 51. Re1+ Kd7 52. Rg1 Kc6
53. Kc2 Kc5 54. Kb3 Rg8 55. Kc2 Kxc4 56. Kd2 d5 57. Ke2 Kxc3 58. Kd1 d4 59. Kc1
Rh8 0-1

[Event "LGA Premium Cup"]
[Site "schach.lga.de"]
[Date "2005.09.08"]
[Round "1.18"]
[White "Eppinger, Georg"]
[Black "Güldner, Udo"]
[Result "1-0"]
[WhiteElo "2284"]
[BlackElo "1777"]
[PlyCount "59"]
[EventDate "2005.09.08"]
[SourceDate " "]

1. e4 c6 2. d4 d5 3. Nc3 dxe4 4. Nxe4 Bf5 5. Ng3 Bg6 6. Nf3 Nd7 7. h4 h6 8. h5
Bh7 9. Bd3 Bxd3 10. Qxd3 Ngf6 11. Bf4 e6 12. O-O-O Nd5 13. Bd2 Qc7 14. c4 N5f6
15. Kb1 O-O-O 16. Bc3 Bd6 17. Ne4 Nxe4 18. Qxe4 Nf6 19. Qe2 Nd7 20. g3 Rhe8 21.
Rhe1 f6 22. c5 Bf8 23. Qc4 e5 24. dxe5 fxe5 25. b4 a5 26. a3 e4 27. Rxe4 Rxe4
28. Qxe4 axb4 29. axb4 Nf6 30. Qe6+ 1-0

[Event "LGA Premium Cup"]
[Site "schach.lga.de"]
[Date "2005.09.08"]
[Round "1.19"]
[White "Königl, Anton"]
[Black "Gießmann, Stephan"]
[Result "0-1"]
[WhiteElo "1769"]
[BlackElo "2284"]
[PlyCount "120"]
[EventDate "2005.09.08"]
[SourceDate " "]

1. b3 d5 2. Bb2 Nf6 3. Nf3 c6 4. e3 Bg4 5. Be2 Nbd7 6. d3 e6 7. Nbd2 Bc5 8. O-O
O-O 9. h3 Bh5 10. Ne5 Bxe2 11. Qxe2 Nxe5 12. Bxe5 Nd7 13. Bb2 Be7 14. Nf3 Bf6
15. Bxf6 Qxf6 16. Rab1 Rad8 17. Rfd1 Nc5 18. Qd2 Rd7 19. Qb4 b6 20. Qd4 Qxd4
21. exd4 Nb7 22. Re1 Rc8 23. Re2 c5 24. Rbe1 cxd4 25. Nxd4 Na5 26. f4 g6 27.
Rf1 Nc6 28. Nxc6 Rxc6 29. Rd1 Rc3 30. Kf2 Rdc7 31. Rdd2 b5 32. Ke3 Kf8 33. g4
h6 34. Kd4 b4 35. f5 R3c6 36. fxe6 fxe6 37. Rf2+ Kg7 38. h4 Ra6 39. Rde2 Rcc6
40. g5 Rxa2 41. Ke5 hxg5 42. hxg5 Ra1 43. Rf6 Rg1 44. Rxe6 Rxe6+ 45. Kxe6 Rxg5
46. Kd6 Kh6 47. Rh2+ Rh5 48. Rxh5+ gxh5 49. Kxd5 Kg5 50. Ke6 h4 51. d4 h3 52.
d5 h2 53. d6 h1=Q 54. d7 Qe4+ 55. Kd6 Qd4+ 56. Kc7 Qc5+ 57. Kb8 Qd6+ 58. Kc8
Qc6+ 59. Kd8 Kf6 60. Ke8 Ke6 0-1

[Event "LGA Premium Cup"]
[Site "schach.lga.de"]
[Date "2005.09.08"]
[Round "1.20"]
[White "Kordts, Wolfgang"]
[Black "Reuschl, Stefan"]
[Result "1-0"]
[WhiteElo "2264"]
[BlackElo "1754"]
[PlyCount "49"]
[EventDate "2005.09.08"]
[SourceDate " "]

1. d4 Nf6 2. c4 e5 3. dxe5 Ng4 4. Bf4 Bb4+ 5. Nd2 Nc6 6. Ngf3 Qe7 7. e3 Ngxe5
8. Nxe5 Nxe5 9. Be2 d6 10. O-O O-O 11. Nb3 Be6 12. a3 Nxc4 13. axb4 g5 14. Bg3
f5 15. h3 f4 16. exf4 gxf4 17. Bh2 Ne5 18. Nd4 Bd7 19. Nf3 Qg7 20. Kh1 Bc6 21.
b5 Bd7 22. Ra4 Kh8 23. Rxf4 Nxf3 24. Bxf3 Bxb5 25. Re1 1-0

[Event "LGA Premium Cup"]
[Site "schach.lga.de"]
[Date "2005.09.08"]
[Round "1.21"]
[White "Laibold, Lorenz"]
[Black "Koch, Moritz"]
[Result "0-1"]
[WhiteElo "1749"]
[BlackElo "2241"]
[PlyCount "70"]
[EventDate "2005.09.08"]
[SourceDate " "]

1. e4 c5 2. Nf3 Nc6 3. Nc3 d6 4. Bc4 e6 5. d4 cxd4 6. Nxd4 Nf6 7. O-O Be7 8.
Be3 O-O 9. f3 a6 10. a4 Qc7 11. Nb3 b6 12. Qe1 Nb4 13. Bd3 d5 14. Qf2 Rb8 15.
Rac1 e5 16. Nxd5 Nfxd5 17. exd5 Nxd5 18. Kh1 Nb4 19. f4 Bf6 20. Be4 Bd7 21. a5
bxa5 22. Bc5 Rfe8 23. Rcd1 Bg4 24. Rd2 Rbc8 25. Bd6 Qc4 26. fxe5 Bh4 27. Bd5
Nxd5 28. Qxf7+ Kh8 29. Nxa5 Qb5 30. Bf8 Qxf1+ 31. Qxf1 Rxf8 32. Qxa6 Nc7 33.
Qc4 Ne6 34. Qb5 Rc5 35. Qa6 Rxa5 0-1

[Event "LGA Premium Cup"]
[Site "schach.lga.de"]
[Date "2005.09.08"]
[Round "1.22"]
[White "Lauer, Moritz"]
[Black "Kordts, Florian"]
[Result "1/2-1/2"]
[WhiteElo "2232"]
[BlackElo "1719"]
[PlyCount "64"]
[EventDate "2005.09.08"]
[SourceDate " "]

1. e4 c5 2. c3 d6 3. d4 Nf6 4. Bd3 Nc6 5. Nf3 Bg4 6. d5 Bxf3 7. Qxf3 Ne5 8.
Bb5+ Nfd7 9. Qe2 a6 10. Ba4 b5 11. Bc2 g6 12. a4 Rb8 13. b3 Nf6 14. f4 Ned7 15.
O-O Bg7 16. Bd3 Qb6 17. Be3 O-O 18. axb5 axb5 19. Na3 b4 20. Nc4 Qc7 21. cxb4
Rxb4 22. Ra3 e6 23. Bd2 exd5 24. exd5 Nxd5 25. Bxb4 cxb4 26. Ra6 Nc3 27. Qe7 d5
28. Nd6 Bf6 29. Ne8 Bxe7 30. Nxc7 Nc5 31. Rf3 Nxa6 32. Nxa6 Nd1 1/2-1/2

[Event "LGA Premium Cup"]
[Site "schach.lga.de"]
[Date "2005.09.08"]
[Round "1.23"]
[White "Classen, Andrej"]
[Black "Bauer, Andreas"]
[Result "0-1"]
[WhiteElo "1718"]
[BlackElo "2219"]
[PlyCount "98"]
[EventDate "2005.09.08"]
[SourceDate " "]

1. e4 c5 2. f4 Nc6 3. Nf3 e6 4. d3 d6 5. c3 Nf6 6. Be2 Be7 7. O-O O-O 8. Na3 a6
9. Nc2 b5 10. Qe1 Rb8 11. Qg3 b4 12. h4 bxc3 13. bxc3 Kh8 14. c4 d5 15. e5 Ng8
16. h5 d4 17. Qh3 f6 18. exf6 Bxf6 19. g4 e5 20. f5 e4 21. Nh2 e3 22. Nf3 Ne5
23. Ba3 Nxf3+ 24. Bxf3 Qd6 25. Ne1 h6 26. Ng2 Bb7 27. Bxb7 Rxb7 28. Nf4 Ne7 29.
Qg2 Rbb8 30. Rae1 Rfc8 31. Ne6 Ng8 32. Rb1 Rxb1 33. Rxb1 Be7 34. Rb2 Rb8 35.
Rxb8 Qxb8 36. Bxc5 Bxc5 37. Nxc5 Qb1+ 38. Kh2 Qd1 39. Ne6 Qxd3 40. Nf4 Qa3 41.
Ng6+ Kh7 42. Qe2 Nf6 43. Nf4 Qd6 44. Kg3 Ne4+ 45. Kf3 Qc6 46. Qc2 Nd2+ 47. Kg3
Qf3+ 48. Kh4 Qxf4 49. f6+ Ne4 0-1

[Event "LGA Premium Cup"]
[Site "schach.lga.de"]
[Date "2005.09.08"]
[Round "1.24"]
[White "Rybenko, Kseniya"]
[Black "Sha, Siyu"]
[Result "1-0"]
[WhiteElo "2217"]
[BlackElo "1697"]
[PlyCount "61"]
[EventDate "2005.09.08"]
[SourceDate " "]

1. e4 c5 2. Nf3 e6 3. d3 Nc6 4. g3 d6 5. Bg2 Nf6 6. O-O Be7 7. Re1 Qc7 8. c3
O-O 9. d4 b5 10. a4 b4 11. d5 Ne5 12. Nxe5 dxe5 13. f4 exf4 14. d6 Bxd6 15. e5
Bxe5 16. Rxe5 fxg3 17. Bf4 Bb7 18. hxg3 Bxg2 19. Kxg2 Qc6+ 20. Qf3 Qb6 21. c4
Rfd8 22. Nd2 Rac8 23. Rh1 Rd7 24. Ne4 Nxe4 25. Qxe4 g6 26. Be3 Qd6 27. Qf4 Qd3
28. Qf6 Qe2+ 29. Kh3 h5 30. Bh6 Qg4+ 31. Kg2 1-0

[Event "LGA Premium Cup"]
[Site "schach.lga.de"]
[Date "2005.09.08"]
[Round "1.25"]
[White "Golder, Waldemar"]
[Black "Beck, Frederik"]
[Result "0-1"]
[WhiteElo "1690"]
[BlackElo "2211"]
[PlyCount "64"]
[EventDate "2005.09.08"]
[SourceDate " "]

1. e4 c5 2. Nf3 e6 3. d4 cxd4 4. Nxd4 Nc6 5. Nc3 Qc7 6. g3 a6 7. a4 Nf6 8. Bg2
Bc5 9. Nb3 Ba7 10. Bf4 Ne5 11. Qd2 d6 12. O-O O-O 13. Kh1 Bd7 14. h3 Rac8 15.
g4 Qc4 16. Qd1 Rfd8 17. g5 Ne8 18. Bg3 Qc7 19. Re1 Nc4 20. Ra2 Nxb2 21. Rxb2
Qxc3 22. Ra2 Rc4 23. Kh2 Rxa4 24. Rxa4 Bxa4 25. f4 Rc8 26. Na1 Bd4 27. Qh5 g6
28. Qg4 Ng7 29. Rf1 Nh5 30. Be1 Qxa1 31. f5 Qa2 32. f6 Bb5 0-1

[Event "LGA Premium Cup"]
[Site "schach.lga.de"]
[Date "2005.09.08"]
[Round "1.26"]
[White "Petiko, Nikolai"]
[Black "Rabenstein, Christian"]
[Result "1-0"]
[WhiteElo "2193"]
[BlackElo "1678"]
[PlyCount "57"]
[EventDate "2005.09.08"]
[SourceDate " "]

1. e4 c5 2. d3 Nc6 3. g3 g6 4. Bg2 Bg7 5. f4 d6 6. Nf3 e5 7. c3 Nge7 8. O-O O-O
9. Na3 a6 10. f5 gxf5 11. Nh4 f4 12. gxf4 Ng6 13. Nf5 Bxf5 14. exf5 Nxf4 15.
Bxf4 exf4 16. Rxf4 Ne5 17. Qh5 h6 18. Raf1 Qg5 19. Qd1 Bf6 20. d4 Kh7 21. dxe5
Bxe5 22. Rg4 Qe7 23. Nc4 Rad8 24. Qd3 f6 25. Bd5 Rh8 26. Rg6 Rd7 27. Qh3 Qf8
28. Ne3 Rg7 29. Qxh6# 1-0

[Event "LGA Premium Cup"]
[Site "schach.lga.de"]
[Date "2005.09.08"]
[Round "1.27"]
[White "Hestermann, Hans-Ludwig"]
[Black "Opitz, Alexander"]
[Result "0-1"]
[WhiteElo "1677"]
[BlackElo "2192"]
[PlyCount "60"]
[EventDate "2005.09.08"]
[SourceDate " "]

1. d4 Nf6 2. c4 c5 3. d5 e6 4. Nc3 exd5 5. Nxd5 Nxd5 6. Qxd5 Nc6 7. Nf3 d6 8.
Bd2 Be6 9. Qe4 Be7 10. Bc3 Bf6 11. Rc1 O-O 12. e3 Bxc3+ 13. Rxc3 d5 14. cxd5
Bxd5 15. Qh4 Qxh4 16. Nxh4 b6 17. Bc4 Bxc4 18. Rxc4 Nb4 19. Ke2 Nxa2 20. Rd1
Nb4 21. Rd7 Rfd8 22. Rc7 Nd5 23. Rb7 Rdb8 24. Rd7 Rd8 25. Rb7 Rdb8 26. Rd7 Nf6
27. Re7 Kf8 28. Rc7 Ne8 29. Rd7 Rd8 30. Rb7 Nd6 0-1

[Event "LGA Premium Cup"]
[Site "schach.lga.de"]
[Date "2005.09.08"]
[Round "1.28"]
[White "Lodes, Hermann"]
[Black "Bildt, Maximilian"]
[Result "1/2-1/2"]
[WhiteElo "2183"]
[BlackElo "1654"]
[PlyCount "32"]
[EventDate "2005.09.08"]
[SourceDate " "]

1. d4 Nf6 2. g3 d5 3. Bg2 Bf5 4. c4 c6 5. Qb3 Qb6 6. c5 Qxb3 7. axb3 Nbd7 8.
Nf3 Ne4 9. b4 f6 10. Nh4 Be6 11. Nc3 Nxc3 12. bxc3 g6 13. f4 f5 14. Nf3 Nf6 15.
O-O Bg7 16. Ne5 Ne4 1/2-1/2